00570nam a22001937a 4500010001500000020002600015035001700041035001400058037001800072037001300090082001300103100001700116245008000133250001100213260003000224270004100254300003100295500005000326 aENG-122201 a9789352533084c695.00 aB-685848-862 aEN-105733 bABC/Ven.adpl bDBAD/PUB a658.1511 aLal, Jawahar aAdvanced management accounting :cby Jawahar Lalbtext, problems & cases /  a4th ed aNew DelhibS. Chandc2016 a7361, Ram Nagar,bNew Delhi e110055 avarious pagingsc24cm(pbk) aIncludes bibliographical references and index